000 00600nam a2200205Ii 4500
001 19043
003 CO-ViMGA
008 241108s9999||||xx |||||||||||||| ||und||
020 _a9789588822730
040 _aCO-ViMGA
_bspa
_erda
_cCO-ViMGA
041 0 _aspa
084 _aC ANT
245 1 0 _aAntología, cuento y poesía :
_btalleres literarios 2014
264 1 _aBogotá, Colombia : Fundaproempresa, 2014
300 _avolumen
336 _atext
_btxt
_2rdacontent
337 _aunmediated
_bn
_2rdamedia
338 _avolume
_bnc
_2rdacarrier
940 _aidficha_siabuc: 18700. -- ficha_no_siabuc:19043
999 _c49077
_d49077